Great Web typography / (Record no. 12959)

000 -LEADER
fixed length control field 00753cam a2200241 a 4500
020 ## - INTERNATIONAL STANDARD BOOK NUMBER
ISBN 0764537008 (pbk.)
040 ## - CATALOGING SOURCE
Transcribing agency DLC
082 00 - DEWEY DECIMAL CLASSIFICATION NUMBER
Classification number 686 WIL 2003 A043 Or.
100 1# - MAIN ENTRY--AUTHOR NAME
Personal name Peck, Wendy,
245 10 - TITLE STATEMENT
Title Great Web typography /
260 ## - PUBLICATION, DISTRIBUTION, ETC. (IMPRINT)
Place of publication New York :
Name of publisher Wiley Pub.,
Year of publication c2003.
300 ## - PHYSICAL DESCRIPTION
Number of Pages xxi, 316 p. :
Other physical details col. ill. ;
Dimensions 26 cm.
500 ## - GENERAL NOTE
General note Includes index.
650 #0 - SUBJECT ADDED ENTRY--TOPICAL TERM
Topical Term Graphic design (Typography)
650 #0 - SUBJECT ADDED ENTRY--TOPICAL TERM
Topical Term Web typography.
650 #0 - SUBJECT ADDED ENTRY--TOPICAL TERM
Topical Term Web sites
650 #0 - SUBJECT ADDED ENTRY--TOPICAL TERM
Topical Term Computer fonts.
650 #0 - SUBJECT ADDED ENTRY--TOPICAL TERM
Topical Term Web publishing.
856 42 - ELECTRONIC LOCATION AND ACCESS
Uniform Resource Identifier http://www.loc.gov/catdir/bios/wiley045/2002111062.html
856 42 - ELECTRONIC LOCATION AND ACCESS
Uniform Resource Identifier http://www.loc.gov/catdir/description/wiley038/2002111062.html
856 41 - ELECTRONIC LOCATION AND ACCESS
Uniform Resource Identifier http://www.loc.gov/catdir/toc/wiley031/2002111062.html
942 ## - ADDED ENTRY ELEMENTS (KOHA)
Koha item type សៀវភៅភាសាអង់គ្លេស
952 ## - LOCATION AND ITEM INFORMATION (KOHA)
Withdrawn status [LOCAL, KOHA] 0
Holdings
Permanent Location Date acquired Koha item type Lost status Shelving location Barcode Current Location Full call number
Library Block A2017-08-18សៀវភៅភាសាអង់គ្លេស A043A17038Library Block A686 WIL 2003 A043 Or.
មជ្ឈមណ្ឌលឯការនៃសាកលវិទ្យាល័យភូមិន្ទកសិកម្មចំការដូង

Powered by Koha